Statistiques concernant Trouve les paroles : Chilla : Si j'étais un homme

Cliquez ici pour prendre le quiz!

Statistiques générales

  • Ce quiz a été pris 96 fois
  • Le résultat moyen est 289 sur 456

Statistiques - réponses

Paroles% Correct
s'
100%
j'
99%
J'
99%
je
97%
Je
97%
Si
97%
si
97%
t'
97%
C'
96%
à
94%
a
94%
homme
94%
un
94%
L'
93%
l'
93%
et
91%
le
91%
m'
90%
On
88%
on
88%
d'
87%
ta
87%
Tu
87%
tu
87%
de
84%
étais
84%
les
84%
me
84%
sa
82%
robe
81%
rôles
81%
ma
79%
contrôle?
78%
la
78%
se
78%
Te
78%
te
78%
es
76%
garderais
75%
j'étais
75%
n'
75%
soulèverais
75%
qu'
73%
inversait
70%
salope
69%
ai
67%
en
66%
une
66%
chienne?
64%
Mais
64%
mais
64%
dos?
61%
même
61%
serai
61%
vaisselle
61%
peau
60%
tournerais
60%
non
58%
Pas
58%
pas
58%
chaîne
57%
foot
57%
quand
57%
deviendras
55%
échangeait
55%
feras
55%
ferai
54%
il
54%
Il
54%
mère
54%
pour
54%
que
54%
des
52%
Des
52%
toi
52%
achètes
51%
foutre
51%
infidèle
51%
regarderai
51%
reviendras
51%
faire
49%
ton
49%
vie
49%
au
48%
J'te
48%
j'te
48%
putes
48%
scène
48%
appellerai
46%
comme
46%
bien
45%
mes
45%
faudra
43%
ferais
43%
jamais
43%
juste
43%
paie
43%
avec
42%
dis
42%
ne
42%
t'enverrai
42%
contre
40%
gentille
40%
nonnes
40%
numéro
40%
parles
40%
pisserai
40%
verre
40%
changer
39%
est
39%
parlerai
39%
redevable
39%
restau
39%
seras
39%
sois
39%
t'appellerai
39%
avis
37%
avoir
37%
mon
37%
ouh
37%
potes
37%
dirais
36%
entière
36%
salaire
36%
sur
36%
Terre
36%
air
34%
envoyer
34%
Permis
34%
pourrirai
34%
t'emmène
34%
ah
33%
selon
33%
seule
33%
valable
33%
ados
31%
daronnes
31%
dit
31%
envies
31%
sentir
31%
unique
31%
draguerais
30%
orgueil
30%
bon
28%
dans
28%
jugement
28%
misère
28%
qui
28%
Qui
28%
harcèles
27%
long
27%
père
27%
sentiments
27%
suis
27%
terme
27%
frère
25%
investissement
25%
mari
25%
promesses
25%
retenir
25%
saurai
25%
tenir
25%
y
25%
foutrais
24%
hommes
24%
indépendance
24%
mâle
24%
nature
24%
prend
24%
veux
24%
ami
22%
contrat
22%
coups
22%
couvrirai
22%
du
22%
fiers
22%
signé
22%
celui
21%
Celui
21%
désir
21%
soin
21%
souffrir
19%
valeur
19%
crédit
18%
gentleman
18%
oublié
18%
conduit
16%
aléas
15%
dix
15%
coeur
13%
tristes
13%
Aveuglée
12%
Benz
10%
retiens
10%
Hey
3%
getleman
1%
mursJe
1%
donimant
0%
pplaire
0%

Distribution des résultats

Percentile par nombre de réponses

% des personnes avec chaque résultat

Votre développement - résultats

Vous n’avez pas pris ce quiz